Countries by Penultimate Letter Quiz Stats

 Plays Quiz Updated Feb 13, 2019

     
Support Sporcle.
Go Orange.
Score 0/23 Timer 05:00
5 Plays Today
Letter Country % Correct
INigeria
97.1%
AJordan
96.9%
EBrunei
95.8%
NArgentina
95.4%
CCosta Rica
93.7%
OBarbados
90.6%
DAntigua and Barbuda
89.8%
LAngola
89.6%
RAndorra
87%
TDjibouti
80.8%
UBelarus
74.8%
GDemocratic Republic of the Congo
68.4%
Letter Country % Correct
WMalawi
66.8%
PEgypt
61.6%
YKenya
60.9%
MPanama
58.7%
ZBelize
54.6%
JFiji
53.3%
BCuba
50.3%
VKosovo
48.8%
SBangladesh
41%
HLesotho
34.5%
KSri Lanka
31%

From the Vault

Ancient History Bunker

by SporcleEXP

History 8m
Be a conqueror, Sporcle-style.
Remove Ads.
Support Sporcle.
Get the best of Sporcle when you Go Orange. This ad-free experience offers more features, more stats, and more fun while also helping to support Sporcle. Thank you for becoming a member.

Show Comments

Extras

Top Quizzes Today


Score Distribution

Your Account Isn't Verified!

In order to create a playlist on Sporcle, you need to verify the email address you used during registration. Go to your Sporcle Settings to finish the process.

Report this User

Report this user for behavior that violates our Community Guidelines.

Details: